书目信息 |
| 题名: |
消解文化
|
|
| 作者: | 费瑟斯通 , Featherstone 著 ;杨渝东 译 | |
| 分册: | ||
| 出版信息: | 北京 北京大学出版社 2009.01 |
|
| 页数: | 239页 | |
| 开本: | 23cm | |
| 丛书名: | 当代学术棱镜译丛 | |
| 单 册: | ||
| 中图分类: | G112 | |
| 科图分类: | ||
| 主题词: | 文化--研究 , 文化 | |
| 电子资源: | ||
| ISBN: | 978-7-301-14798-6 | |
| 000 | 01358oam2 2200313 450 | |
| 001 | 010700060560 | |
| 005 | 20091208154025.23 | |
| 010 | @a978-7-301-14798-6@dCNY28.00 | |
| 100 | @a20090202d2009 em y0chiy0110 ea | |
| 101 | 1 | @achi@ceng |
| 102 | @aCN@b110000 | |
| 105 | @ay z 000yy | |
| 106 | @ar | |
| 200 | 1 | @a消解文化@9xiao jie wen hua@e全球化、后现代主义与认同@f(英)迈克·费瑟斯通(Mike Featherstone)著@g杨渝东译 |
| 210 | @a北京@c北京大学出版社@d2009.01 | |
| 215 | @a239页@d23cm | |
| 225 | 2 | @a当代学术棱镜译丛@i文化社会学系列 |
| 330 | @a本书对于我们对现代主义和后现代主义的理解大有裨益,探讨了文化领域的形成和变形,以及全球化对文化领域的影响:全球化进程提供了一个舞台,不仅可以敞开一个“各种文化的万国博览会”,而且也提供了一个种种文化更加抵牾冲突的场所;全球文化,也不是一种共同的文化,而是差异、权力争斗和文化声望的竞争将在其中进行到底的一个场所。 | |
| 462 | 0 | @12001 @a文化社会学系列@1701 0@a张一兵@4主编 |
| 510 | 1 | @aUndoing culture@eglobalization, postmodernism and identity@zeng |
| 517 | 1 | @a全球化、后现代主义与认同@9quan qiu hua、 hou xian dai zhu yi yu ren tong |
| 606 | 0 | @a文化@x研究 |
| 606 | 0 | @a文化 |
| 690 | @aG112@v4 | |
| 701 | 1 | @a费瑟斯通@9fei se si tong@bM.@4著 |
| 701 | 1 | @aFeatherstone@bMike@4著 |
| 702 | 0 | @a杨渝东@9yang yu dong@4译 |
| 801 | 0 | @aCN@bRENTIAN@c20091208 |
| 905 | @b20795040-45@dG112@e13@f6 | |
| 消解文化:全球化、后现代主义与认同/(英)迈克·费瑟斯通(Mike Featherstone)著/杨渝东译.-北京:北京大学出版社,2009.01 |
| 239页;23cm.-(当代学术棱镜译丛.文化社会学系列) |
| ISBN 978-7-301-14798-6:CNY28.00 |
| 本书对于我们对现代主义和后现代主义的理解大有裨益,探讨了文化领域的形成和变形,以及全球化对文化领域的影响:全球化进程提供了一个舞台,不仅可以敞开一个“各种文化的万国博览会”,而且也提供了一个种种文化更加抵牾冲突的场所;全球文化,也不是一种共同的文化,而是差异、权力争斗和文化声望的竞争将在其中进行到底的一个场所。 |
| ● |
| 相关链接 |
|
|
|
|
正题名:消解文化
索取号:G112/13
 
预约/预借
| 序号 | 登录号 | 条形码 | 馆藏地/架位号 | 状态 | 备注 |
| 1 | 795040 | 207950403 | 第一样本阅览室/ [索取号:G112/13] | 在馆 | |
| 2 | 795041 | 207950412 | 第四借阅区/ [索取号:G112/13] | 在馆 | |
| 3 | 795042 | 207950421 | 第四借阅区/ [索取号:G112/13] | 在馆 | |
| 4 | 795043 | 207950430 | 第四借阅区/ [索取号:G112/13] | 在馆 | |
| 5 | 795044 | 207950449 | 第四借阅区/ [索取号:G112/13] | 在馆 | |
| 6 | 795045 | 207950458 | 第四借阅区/ [索取号:G112/13] | 在馆 |